000 00711nam a2200277Ia 4500
005 20260324115915.0
008 008 260324s9999 xx 000 0 eng d
020 _a9780429255298
037 _aEBOOK
040 _aCRL
040 _beng
040 _cCRL
041 _2eng
041 _aeng
084 _qCRL
100 _a0 American Board for Certification in Homeland Security
_91156461
245 0 _aSensitive Security Information, Certified® (SSI) Body of Knowledge
260 _bTaylor and Francis
260 _c2016
365 _a
365 _b300
856 _uhttp://www.taylorfrancis.com/books/9780429255298
942 _cEBOOK
999 _c1747693
_d1747693